000 00675na a2200229 4500
001 17031
003 MIRAKIL
005 20181213154953.0
008 161021b tu 000 0
040 _aMilas
_btur
_cTR-AnCHP
041 _atur
082 _a956.10256622
_bÇ61b 2012
090 _a956.10256622 Ç61b 2012
100 _aÇobanoğlu, Ahmet
245 _a1937 Dersim olayları
_cAhmet Çobanoğlu
246 _a1937 Dersim olaylarına bakış açısı
260 _aKonya
_b[yayl. y.]
_c2012
300 _a242 s.
_bres.
_c21 sm.
650 _aTarih
_xDersim ayaklanması
_zTunceli (Dersim)
651 _aTunceli (Dersim)
_xTarih
_yİsyanlar
942 _2ddc
_cBKS
999 _c4097
_d4097